Krajnosti /

Hlavní autor: Koukalová, Šárka, 1975-
Korporativní autor: Společnost přátel města Duchcova
Další autoři: Souček, Adam
Jazyk: Čeština
Vydáno: Duchcov : Kapucín, 2013
Vydání: 1. vyd.
Témata:
Fyzický popis: 38 s. : barev. il. ; 19 cm
Knihy
Uloženo v:
LEADER 01179nam a2200349 a 4500
001 nkc20132484042
003 CZ PrNK
005 20131218091809.0
007 ta
008 130820s2013 xr a g 000 p cze
015 |a cnb002484042 
020 |a 978-80-86467-55-9  |q (brož.) 
035 |a (OCoLC)864848114 
040 |a BOA001  |b cze  |d ABA001  |d OLA001 
072 7 |a 821.162.3-1  |x Česká poezie  |2 Konspekt  |9 25 
080 |a 821.162.3-1  |2 MRF 
080 |a (0:82-1)  |2 MRF 
100 1 |a Koukalová, Šárka,  |d 1975-  |7 jo2004249814  |4 aut 
245 1 0 |a Krajnosti /  |c Šárka Koukalová ; [obálka a ilustrace Adam Souček] 
250 |a 1. vyd. 
260 |a Duchcov :  |b Kapucín,  |c 2013 
300 |a 38 s. :  |b barev. il. ;  |c 19 cm 
550 |a Vydavatel: Společnost přátel města Duchcova 
655 7 |a česká poezie  |7 fd133958  |2 czenas 
655 9 |a Czech poetry  |2 eczenas 
700 1 |a Souček, Adam  |7 xx0069344  |4 ill 
710 2 |a Společnost přátel města Duchcova  |7 kn20040924019 
910 2 |a BOA001  |b 1-1312.466 
990 |a BK 
995 |a 01 
991 |b 201312  |e b 
996 6 |b 2610568697  |c 1-1312.466  |l MZK  |r Sklad / do 1 hodiny  |n 1  |p p.v.  |w 001379177  |u 000010  |a 1  |e BOA001  |j MZK50  |s P